Most populous U.S states and cities by administrative divisions - Statistics

General Stats
  • This quiz has been taken 85 times
  • The average score is 9 of 10
Answer Stats
Region Answer % Correct
Pacific California
100%
Northeast New York
100%
Northeast New York City
100%
Pacific Los Angeles
97%
South Texas
97%
South Dallas
92%
Midwest Chicago
91%
Mountain Arizona
87%
Midwest Ohio
85%
Mountain Phoenix
83%
No matching quizzes found
Score Distribution
Percent of People with Each Score
Percentile by Number Answered
Your Score History
You have not taken this quiz